Global digital cellular communications.

Bibliographic Details
Main Author: Sorrill
Format: Book
Published: London: Financial Times Telecommunication and Media, 1995.
Series:Financial Times Management Reports
Subjects:
LEADER 00594cam a2200193 7i4500
001 0000004932
005 19991025090000.0
002 ##000006497
020 0 0 |a 1-85334-294-7  
090 0 0 |a I 384   |b SOR 
100 1 0 |a Sorrill  
245 0 0 |a Global digital cellular communications. 
260 0 0 |a London:   |b Financial Times Telecommunication and Media,   |c 1995. 
300 0 0 |a 118 p.. 
440 0 0 |a Financial Times Management Reports 
650 0 0 |a Telecommunications  
650 0 0 |a Cellular communication  
650 0 0 |a Digital cellular communication  
999 |a 0000007289  |b Book  |c Open shelf  |e Business Information Centre